Statistiken für Gemeinden von Zell am See

Klicken Sie hier um das Quiz zu spielen!

Allgemein

  • Dieses Quiz wurde 244 mal gespielt
  • Das Durchschnittsergebnis liegt bei 20 aus 28

Antworten auf der Karte

Die Antworten werden auf der Karte rot bzw. grün angezeigt, abhängig davon wie oft sie richtig erraten wurden.
 

Antwortstatistiken

EinwohnerGemeinde% Korrekt
10.131Zell am See
98%
5.575Mittersill
94%
16.790Saalfelden am Steinernen Meer
94%
2.827Saalbach-Hinterglemm
86%
3.407Leogang
80%
4.828Bruck an der Großglocknerstraße
79%
842Krimml
79%
2.767Niedernsill
79%
3.019Rauris
79%
3.112Kaprun
78%
2.093Lofer
78%
721Dienten am Hochkönig
76%
3.639Maishofen
75%
1.915Unken
75%
2.580Neukirchen am Großvenediger
74%
2.711Taxenbach
70%
759Fusch an der Großglocknerstraße
68%
3.031Uttendorf
67%
1.261Lend
66%
3.957Bramberg am Wildkogel
65%
2.196Maria Alm am Steinernen Meer
63%
3.809Piesendorf
63%
1.164Wald im Pinzgau
63%
590Viehhofen
59%
1.575Stuhlfelden
58%
1.206St. Martin bei Lofer
52%
412Weißbach bei Lofer
52%
1.251Hollersbach im Pinzgau
47%

Verteilung der Resultate

Perzentil nach korrekt beantworteten Fragen

Anzahl Personen mit jedem Resultat

Ihre Resultats-Entwicklung

Sie haben dieses Quiz noch nicht gespielt